=LDR 00000nam 2200000 4500 =001 INLIS000000000033860 =005 20130612135807 =008 ***********************************ind** =035 ##$$0010-061300000033860 =041 ##$$a ind =082 ##$$a 615 =090 ##$$a 615, Zul o =100 ##$$a Zulkifli =245 ##$$a Obat itu racun, zulkifli ,editor, Agnes Chintami =260 ##$$a 2009 $b yogyakarta =300 ##$$a 167 hlm, 20 cm =650 ##$$a Obat =650 ##$$a Chinyami, Agnes =850 ##$$a NBPNMAT =990 ##$$a 0001/BPAP-NTB/20142015 =990 ##$$a 0001/BPAP-NTB/20142015 =990 ##$$a 21601875/BPAP-NTB/2017